Siempre Madrid / (Record no. 192214)

MARC details
000 -LEADER
campo de control de longitud fija 01125nam a2200325 i 4500
001 - NÚMERO DE CONTROL
campo de control 192214
003 - IDENTIFICADOR DE NÚMERO DE CONTROL
campo de control SpMaBN
005 - FECHA Y HORA DE LA ÚLTIMA TRANSACCIÓN
campo de control 20240528062745.0
008 - DATOS DE LONGITUD FIJA--INFORMACIÓN GENERAL
campo de control de longitud fija 221119s2018 sp | |||| 000 p spa
017 ## - NÚMERO DE COPYRIGHT O DE DEPÓSITO LEGAL
Número de copyright o de depósito legal M 31277-2018
Agencia que asigna Oficina Depósito Legal Madrid
020 ## - NÚMERO INTERNACIONAL ESTÁNDAR DEL LIBRO
Número Internacional Estándar del Libro 9788494844799
035 ## - NÚMERO DE CONTROL DEL SISTEMA
Número de control de sistema (OCoLC)1103677081
040 ## - FUENTE DE CATALOGACIÓN
Centro catalogador/agencia de origen SpMaBN
Lengua de catalogación spa
Centro/agencia transcriptor SpMaBN
Normas de descripción rda
080 ## - NÚMERO DE LA CLASIFICACIÓN DECIMAL UNIVERSAL
Número de la Clasificación Decimal Universal 821.134.2-14"19"
080 ## - NÚMERO DE LA CLASIFICACIÓN DECIMAL UNIVERSAL
Número de la Clasificación Decimal Universal 913(460.271)(0:82)
100 1# - ENTRADA PRINCIPAL--NOMBRE DE PERSONA
Nombre de persona Campos Monsalve, Julia de,
Fechas asociadas al nombre 1950-
9 (RLIN) 159431
Término indicativo de función/relación Autor
245 10 - MENCIÓN DEL TÍTULO
Título Siempre Madrid /
Mención de responsabilidad, etc. Julia de Campos Monsalve.
250 ## - MENCION DE EDICION
Mención de edición Primera edición 2018
260 ## - PUBLICACIÓN, DISTRIBUCIÓN, ETC.
Lugar de publicación, distribución, etc. Madrid :
Nombre del editor, distribuidor, etc. Agencia del Libro,
Fecha de publicación, distribución, etc. 2018.
300 ## - DESCRIPCIÓN FÍSICA
Extensión 69 páginas ;
Dimensiones 21 cm.
500 ## - NOTA GENERAL
Nota general Índice
500 ## - NOTA GENERAL
Nota general Hojas impresas por una sola cara
651 #7 - PUNTO DE ACCESO ADICIONAL DE MATERIA--NOMBRE GEOGRÁFICO
Nombre geográfico Madrid-
Subdivisión de forma Poesías
9 (RLIN) 175854
655 #7 - TERMINO DE INDIZACIÓN--GENERO/FORMA
Datos o término principal de género/forma Poesías
Fuente del término tgfbne
9 (RLIN) 176539
852 4# - LOCALIZACIÓN
Ubicación ES-MaACL
Número de control de estantería N-8162
Sublocalización o colección R. 152929
Ubicación en estantería Depósito J
Anotaciones manuscritas Dedicatoria autógrafa de la autora
Donativo/Legado Donación: Julia de Campos Monsalve
itemnumber 199496
903 ## - NOMBRE PERSONAL DE DONANTE
9 159431
a Campos Monsalve, Julia de,
d 1950-
e Donante
942 ## - ELEMENTOS DE ENTRADA SECUNDARIOS (KOHA)
Tipo de ítem Koha Libro impreso
Suprimir en OPAC No
Holdings
Estatus retirado Estado de pérdida Fuente del sistema de clasificación o colocación Estado de daño No para préstamo Colección Biblioteca de origen Biblioteca actual Ubicación en estantería Fecha de adquisición Fuente de adquisición Total de préstamos Signatura topográfica completa Código de barras Visto por última vez Tipo de ítem Koha Nota pública
    Clasificación decimal universal     Libros con dedicatorias Biblioteca del Ateneo de Madrid Biblioteca del Ateneo de Madrid Depósito J 19/11/2022 Donación   N-8162 101206636 23/02/2023 Libro impreso Dedicatoria autógrafa de la autora